000 00318nam a22001217a 4500
008 181023b xxu||||| |||| 00| 0 eng d
041 _aeng
080 _25 ED
_a510
100 _a39
101 _aMAT
245 _aTan Applied Mathematics fOR tHE Managerial Life And social Sciences
_cJames.d
942 _2udc
_cBK
999 _c50761
_d50761